Geografía de europa y oceanía /
Guardado en:
| Autor Principal: | |
|---|---|
| Otros Autores: | |
| Formato: | Libro |
| Publicado: |
Buenos Aires :
Estrada,
1993
|
| Edición: | 25a. ed. |
| Materias: | |
| Etiquetas: |
Agregar Etiqueta
Sin Etiquetas, Sea el primero en etiquetar este registro!
|
| LEADER | 01862nam a22003735a 4500 | ||
|---|---|---|---|
| 001 | CEM.cems015934 | ||
| 008 | 130507s1993##################000#0#####d | ||
| 005 | 20210826184641.0 | ||
| 003 | CEMS | ||
| 245 | 1 | 0 | |a Geografía de europa y oceanía / |c Elsa Insogna, |
| 250 | |a 25a. ed. | ||
| 260 | |a Buenos Aires : |b Estrada, |c 1993 | ||
| 300 | |a 245 p. | ||
| 500 | |a Para nivel de enseñanza medio | ||
| 505 | 0 | |a Europa, mapa físico -- Relieve de Europa -- Mares y costas -- Clima -- Biogrografía -- Hidrografía -- Población -- Actividades económicas -- Producción de materias primas -- Producción industrial -- Comunicaciones y transportes -- Las uniones económicas europeas -- Geografía de los países de Europa -- Oceanía -- Australia -- Nueva Zelanda | |
| 020 | |a 9500104652 | ||
| 100 | 1 | |a Insogna, Elsa | |
| 700 | 1 | |a Galarza de García Miguel, Clara | |
| 082 | 0 | 4 | |a 914 |
| 653 | |a Geografía de europa | ||
| 653 | |a Geografía | ||
| 653 | |a Geografía de oceanía | ||
| 859 | |a CEMS |b BIB. CEMS - Agricultura |h 914 |i In727a10 |p A17395.93 |t Ej.1 | ||
| 859 | |a CEMS |b BIB. CEMS - 11 de abril |h 914 |i In7a25 |p 11844.83 |t Ej.1 | ||
| 859 | |a CEMS |b BIB. CEMS - 11 de abril |h 914 |i In7a25 |p 11845.83 |t Ej.2 | ||
| 859 | |a CEMS |b BIB. CEMS - 11 de abril |h 914 |i In7a25 |p 11846.83 |t Ej.3 | ||
| 859 | |a CEMS |b BIB. CEMS - 11 de abril |h 914 |i In7a25 |p 11847.83 |t Ej.4 | ||
| 859 | |a CEMS |b BIB. CEMS - 11 de abril |h 914 |i In7a25 |p 11848.83 |t Ej.5 | ||
| 859 | |a CEMS |b BIB. CEMS - 11 de abril |h 914 |i In7a25 |p 11839.83 |t Ej.6 | ||
| 859 | |a CEMS |b BIB. CEMS - 11 de abril |h 914 |i In7a25 |p 11840.83 |t Ej.7 | ||
| 859 | |a CEMS |b BIB. CEMS - 11 de abril |h 914 |i In7a25 |p 11841.83 |t Ej.8 | ||
| 859 | |a CEMS |b BIB. CEMS - 11 de abril |h 914 |i In7a25 |p 11842.83 |t Ej.9 | ||
| 859 | |a CEMS |b BIB. CEMS - 11 de abril |h 914 |i In7a25 |p 11843.83 |t Ej.10 | ||
| 859 | |a CEMS |b BIB. CEMS - 11 de abril |h 914 |i In7a25 |p 14281.86 |t Ej.11 | ||
